[Event "AUTO-OPEN-1508"]
[Site "http://www.queenalice.com/game.php?id=569537"]
[Date "2009.4.9"]
[Round "1"]
[White "Nica_Pinica"]
[Black "TheBooth"]
[Result "0-1"]
[WhiteElo "1414"]
[BlackElo "1975"]

1. Nf3 d5 2. e3 Bg4 3. Be2 Nc6 4. O-O Nf6 5. Nc3 e6 6. d4 a6 7. Ng5 Bf5 8. b3
Bb4 9. Na4 Nd7 10. a3 Bd6 11. b4 Qxg5 12. e4 Qh4 13. exf5 Qxh2# 0-1

[Event "QA-ANNIV-04"]
[Site "http://www.queenalice.com/game.php?id=578077"]
[Date "2009.4.26"]
[Round "5"]
[White "TheBooth"]
[Black "stonkin"]
[Result "0-1"]
[WhiteElo "1984"]
[BlackElo "2065"]

1. e4 e5 2. Nf3 Bd6 3. Bc4 Nf6 4. d3 Nc6 5. Bg5 h6 6. Bh4 Be7 7. Nc3 d6 8. O-O
Nxe4 9. Bxe7 Nxc3 10. Bxd8 Nxd1 11. Bxc7 Nxb2 12. Bxd6 Nxc4 13. dxc4 f6 14. Nd2
Bf5 15. Rfe1 O-O-O 16. c5 Nd4 17. Rac1 Nxc2 18. Re2 Bd3 19. Re3 Nxe3 20. fxe3
Kd7 21. Nb3 Bf5 22. Rd1 Ke6 23. Rd2 Kf7 24. Kf2 Rc8 25. Ke1 Rhd8 26. a4 Be6 27.
Nc1 b6 28. Nd3 bxc5 29. Nxc5 Rxd6 30. Rxd6 Rxc5 31. Ra6 Rc7 32. g3 Bc8 33. Ra5
Kg6 34. Kf2 Rc2+ 35. Ke1 a6 36. h3 Bxh3 37. Rxa6 Ra2 38. Kd1 Bg4+ 39. Kc1 Re2
40. Rb6 Rxe3 41. Kb2 Rxg3 0-1

[Event "Challenge"]
[Site "http://www.queenalice.com/game.php?id=584711"]
[Date "2009.5.7"]
[Round "-"]
[White "marcattack"]
[Black "TheBooth"]
[Result "0-1"]
[WhiteElo "1647"]
[BlackElo "1981"]

1. e4 d6 2. d4 Nf6 3. Nc3 g6 4. Bc4 Bg7 5. Be3 O-O 6. Nge2 Ng4 7. O-O Nxe3 8.
fxe3 Nd7 9. Qe1 Nf6 10. Rd1 Ng4 11. Ng3 c6 12. Qe2 b5 13. Bb3 a5 14. a3 Bh6 0-1

[Event "Challenge"]
[Site "http://www.queenalice.com/game.php?id=584712"]
[Date "2009.5.7"]
[Round "-"]
[White "TheBooth"]
[Black "marcattack"]
[Result "1-0"]
[WhiteElo "1978"]
[BlackElo "1650"]

1. e4 c5 2. Bc4 e6 3. Nf3 Nc6 4. b3 d5 5. exd5 exd5 6. Bb5 Bg4 7. Bxc6+ bxc6 8.
O-O Be7 9. Bb2 Nf6 10. h3 Bh5 11. d3 O-O 12. Nbd2 Qc7 13. Be5 Qd7 14. c4 d4 15.
Re1 Rfe8 16. Nf1 Bd6 17. Bxf6 1-0

[Event "Challenge"]
[Site "http://www.queenalice.com/game.php?id=605960"]
[Date "2009.6.19"]
[Round "-"]
[White "TheBooth"]
[Black "Milton"]
[Result "1-0"]
[WhiteElo "1971"]
[BlackElo "1530"]

1. e4 e5 2. Nf3 Nc6 3. Bc4 Bc5 4. d3 Nf6 5. Ng5 h6 6. Nxf7 Qe7 7. Nxh8 d6 8. Ng6
Qd7 9. c3 Ng4 10. Qf3 d5 11. Be3 Bxe3 12. Qf8# 1-0

[Event "Challenge"]
[Site "http://www.queenalice.com/game.php?id=605961"]
[Date "2009.6.19"]
[Round "-"]
[White "Milton"]
[Black "TheBooth"]
[Result "0-1"]
[WhiteElo "1518"]
[BlackElo "1973"]

1. e4 c5 2. Nf3 Nc6 3. d4 e6 4. e5 Qa5+ 5. Nc3 Nge7 6. Bd2 Qb6 7. Ng5 h6 8. Nge4
Nf5 9. g3 Nfxd4 10. Bc4 Nxe5 11. b3 d5 12. Na4 Qc7 13. Nexc5 dxc4 14. O-O Bxc5
15. Qh5 Ndf3+ 16. Kh1 Nxd2 17. Rfd1 Bxf2 18. Rxd2 Qc6+ 0-1

[Event "Challenge #1"]
[Site "http://www.queenalice.com/game.php?id=613544"]
[Date "2009.7.4"]
[Round "-"]
[White "Aylton"]
[Black "TheBooth"]
[Result "1/2-1/2"]
[WhiteElo "1962"]
[BlackElo "1994"]

1. d4 c5 2. e3 Nf6 3. Nf3 Nc6 4. c4 e6 5. Nc3 d5 6. a3 Bd6 7. dxc5 Bxc5 8. b4
Be7 9. Bb2 O-O 10. Be2 dxc4 11. Bxc4 a6 12. O-O b5 13. Be2 Bb7 14. h3 Rc8 15.
Rc1 Nd7 16. Qd2 Bf6 17. Rfd1 Ncb8 18. a4 Bxc3 19. Bxc3 bxa4 20. Qd4 f6 21. Qg4
Qe7 22. Nd4 Rfe8 23. Be1 Ne5 24. Qg3 Rxc1 25. Rxc1 Nbc6 26. Nxc6 Nxc6 27. b5
axb5 28. Bxb5 Rc8 29. Bxa4 Qa3 30. Rb1 Nd8 31. Bd7 Rc1 32. Rxc1 Qxc1 33. f4 Qd1
34. Be8 Qe2 35. Qf2 Qxf2+ 36. Kxf2 Kf8 37. Bb5 Nf7 38. Bb4+ Kg8 39. g3 g6 40.
Ke2 g5 41. Bc4 e5 42. fxe5 fxe5 43. Be7 h6 44. Bf6 Kf8 45. Bxf7 Kxf7 46. Bxe5
1/2-1/2

[Event "Challenge #2"]
[Site "http://www.queenalice.com/game.php?id=613545"]
[Date "2009.7.4"]
[Round "-"]
[White "TheBooth"]
[Black "Aylton"]
[Result "1-0"]
[WhiteElo "1975"]
[BlackElo "2041"]

1. e4 c5 2. Bc4 e6 3. Nf3 Nc6 4. O-O d5 5. exd5 exd5 6. Bb5 Bd7 7. Nc3 a6 8.
Bxc6 Bxc6 9. Ne5 Qc7 10. Re1 O-O-O 11. Qg4+ Kb8 12. d3 h5 13. Qh4 f6 14. Ng6 Rh7
15. Nxf8 Rxf8 16. Bf4 g5 17. Bxc7+ Kxc7 18. Qg3+ Kb6 19. Nxd5+ Ka7 20. Qd6 Rc8
21. Nxf6 Nxf6 22. Qxf6 Rcc7 23. f3 g4 24. fxg4 hxg4 25. Qf5 Rhg7 26. Qxc5+ b6
27. Qd4 Bb7 28. c4 Rcd7 29. Qe3 a5 30. c5 bxc5 31. Qxc5+ 1-0

[Event "Challenge"]
[Site "http://www.queenalice.com/game.php?id=628962"]
[Date "2009.8.2"]
[Round "-"]
[White "ORNELAS"]
[Black "TheBooth"]
[Result "0-1"]
[WhiteElo "1672"]
[BlackElo "1993"]

1. d4 c5 2. dxc5 Qa5+ 3. Nc3 Qxc5 4. e3 Nf6 5. g3 Nc6 6. Bg2 e5 7. a3 d6 8. Nge2
Bg4 9. O-O Rd8 10. b4 Qc4 11. h3 Bh5 12. e4 Bg6 13. Bg5 Be7 14. Be3 Nxe4 15. Re1
Nxc3 16. Nxc3 Qxc3 17. Bd2 Qxc2 18. Qxc2 Bxc2 19. Rac1 Ba4 20. b5 Bxb5 21. Rb1
Ba6 22. Be3 O-O 23. Rec1 d5 24. Kh2 Bxa3 25. Rd1 e4 26. Rb3 Bd6 27. h4 Na5 28.
Rbb1 b6 29. Rxd5 Bxg3+ 30. fxg3 Rxd5 31. Rb4 Re8 32. Kh3 Rd3 33. Bg1 e3 34. Bxe3
Rexe3 35. Rg4 Bc8 36. Bf1 Bxg4+ 37. Kxg4 Rxg3+ 38. Kh5 Rd5# 0-1

[Event "Challenge"]
[Site "http://www.queenalice.com/game.php?id=632777"]
[Date "2009.8.8"]
[Round "-"]
[White "Sphinxchess"]
[Black "TheBooth"]
[Result "1/2-1/2"]
[WhiteElo "1961"]
[BlackElo "1992"]

1. e4 c5 2. c4 Nc6 3. Nc3 Nf6 4. g3 e6 5. Bg2 Bd6 6. f4 e5 7. Nge2 O-O 8. O-O
Qb6 9. Na4 Qb4 10. d3 Qa5 11. Bd2 Qc7 12. Rb1 Be7 13. h3 d6 14. f5 a6 15. Nac3
Rb8 16. Bg5 Nb4 17. a3 Nc6 18. Kh1 h6 19. Bxf6 Bxf6 20. Nd5 Qd8 21. Nxf6+ Qxf6
22. Nc3 Nd4 23. Nd5 Qg5 24. g4 Kh7 25. b4 Bd7 26. f6 g6 27. Rb2 Bc6 28. Ne7 Bd7
29. Qd2 Qh4 30. Qf2 Qg5 31. Qd2 Qh4 32. Qf2 Qg5 33. Qd2 Qh4 1/2-1/2

[Event "Challenge"]
[Site "http://www.queenalice.com/game.php?id=632778"]
[Date "2009.8.8"]
[Round "-"]
[White "TheBooth"]
[Black "Sphinxchess"]
[Result "0-1"]
[WhiteElo "2005"]
[BlackElo "1962"]

1. d4 e6 2. e4 d5 3. e5 c5 4. c3 Nc6 5. Bb5 Bd7 6. Nf3 Qb6 7. Bxc6 Bxc6 8. O-O
Ne7 9. Nbd2 Nf5 10. Nb3 Ba4 11. Bd2 c4 12. Qc1 cxb3 13. axb3 Bxb3 14. Ne1 Bc4
15. Nc2 Bxf1 16. Kxf1 Be7 17. g4 Qb5+ 18. Kg1 Nh4 19. Be3 Qe2 20. Qd1 Qxd1+ 21.
Rxd1 a5 22. Ra1 b5 23. h3 O-O 24. f4 b4 25. Kf2 b3 26. Ne1 a4 27. Kg3 a3 28. Bc1
axb2 29. Bxb2 Rxa1 30. Bxa1 Ra8 31. Bb2 Ba3 32. Nd3 Bxb2 33. Nxb2 Ra2 34. Nd3
Rd2 35. Nc1 b2 0-1

[Event "AUTO-OPEN-1508"]
[Site "http://www.queenalice.com/game.php?id=641413"]
[Date "2009.8.24"]
[Round "2"]
[White "TheBooth"]
[Black "Bigorna"]
[Result "1-0"]
[WhiteElo "1991"]
[BlackElo "1947"]

1. d4 Nf6 2. Nc3 d5 3. Bf4 a6 4. Nf3 e6 5. Bg5 Bb4 6. Qd3 h6 7. Bh4 O-O 8. a3
Ba5 9. b4 Bb6 10. e4 Qd7 11. Bxf6 gxf6 12. e5 f5 13. Qe3 Kh7 14. h3 c6 15. g4 f6
16. Bd3 Qg7 17. Rg1 Qf7 18. Nh4 Rg8 19. O-O-O fxe5 20. gxf5 exf5 21. Qxe5 Bc7
22. Qe3 Qf6 23. Rxg8 Kxg8 24. Qe8+ Kh7 25. Qxc8 Bf4+ 26. Kb2 Qxh4 27. Qxb7+ Kg6
28. Rg1+ Bg5 29. Qxa8 Qxf2 30. Rf1 Qg3 31. Rxf5 Kh5 32. Ne2 Qe1 33. Nf4+ Kh4 34.
Ng2+ Kxh3 35. Nxe1 Nd7 36. Qxc6 Nb8 37. Qxd5 1-0

[Event "AUTO-OPEN-1508"]
[Site "http://www.queenalice.com/game.php?id=641414"]
[Date "2009.8.24"]
[Round "2"]
[White "Bigorna"]
[Black "TheBooth"]
[Result "1-0"]
[WhiteElo "1847"]
[BlackElo "1955"]

1. e4 c5 2. Nf3 Nc6 3. Bb5 Qb6 4. a4 Nf6 5. d3 a6 6. Bc4 e6 7. O-O d5 8. exd5
exd5 9. Bb3 Bg4 10. Bg5 Be7 11. Re1 Nd4 12. a5 Bxf3 13. axb6 Bxd1 14. Rxd1 O-O
15. Re1 Nxb3 16. cxb3 Bd8 17. Nc3 d4 18. Bxf6 Bxf6 19. Nd5 Rad8 20. Nxf6+ gxf6
21. Re7 Rb8 22. Rc7 Rfc8 23. Re1 Kf8 24. Ree7 Rxc7 25. Rxc7 Ke8 26. g4 h6 27.
Rxc5 Rd8 28. Rc7 Rd7 29. Kg2 Rxc7 30. bxc7 Kd7 31. c8=Q+ Kxc8 32. Kf3 Kd7 33.
Ke4 Ke6 34. Kxd4 f5 35. gxf5+ Kxf5 36. Ke3 Ke5 37. b4 f5 38. d4+ Kd5 39. b3 f4+
40. Kxf4 Kxd4 41. Kg4 Kc3 42. f4 Kxb4 43. f5 Kxb3 44. f6 b5 45. f7 a5 46. f8=Q
b4 47. Qxh6 Ka3 48. Qd6 Kb3 49. h4 a4 50. h5 a3 51. Qd3+ Kb2 52. h6 b3 53. h7
Ka2 54. Qd5 1-0

[Event "Challenge #3"]
[Site "http://www.queenalice.com/game.php?id=647457"]
[Date "2009.9.5"]
[Round "-"]
[White "Aylton"]
[Black "TheBooth"]
[Result "1-0"]
[WhiteElo "1988"]
[BlackElo "2025"]

1. d4 c5 2. Nf3 e6 3. e3 Nf6 4. c4 Nc6 5. Nc3 g6 6. Be2 Bg7 7. O-O cxd4 8. exd4
O-O 9. h3 Re8 10. Be3 d5 11. c5 b6 12. cxb6 Qxb6 13. Qc2 Nd7 14. Rfd1 Rb8 15. b3
Nb4 16. Qd2 a6 17. a3 Nc6 18. b4 Ne7 19. Na4 Qc7 20. Rdc1 Qa7 21. Rc2 Nf5 22.
Rac1 Nxe3 23. fxe3 Nf6 24. Rc7 1-0

[Event "Challenge #4"]
[Site "http://www.queenalice.com/game.php?id=647458"]
[Date "2009.9.5"]
[Round "-"]
[White "TheBooth"]
[Black "Aylton"]
[Result "0-1"]
[WhiteElo "2008"]
[BlackElo "1963"]

1. e4 e6 2. d4 d5 3. e5 c5 4. c4 dxc4 5. Qa4+ Bd7 6. Qxc4 cxd4 7. Qxd4 Nc6 8.
Qe3 Qa5+ 9. Nc3 Qxe5 10. Nf3 Qxe3+ 11. Bxe3 O-O-O 12. Rc1 Bb4 13. a3 Bxc3+ 14.
Rxc3 Kb8 15. Be2 h6 16. O-O Nf6 17. Bf4+ Ka8 18. Ne5 Be8 19. Rfc1 Nd5 20. Rd3 a6
21. Nxc6 Bxc6 22. Be5 f6 23. Bg3 g5 24. f3 h5 0-1

[Event "Challenge"]
[Site "http://www.queenalice.com/game.php?id=653724"]
[Date "2009.9.17"]
[Round "-"]
[White "TheBooth"]
[Black "thedead"]
[Result "1-0"]
[WhiteElo "1990"]
[BlackElo "1402"]

1. e4 e5 2. Nf3 Nc6 3. Bc4 Be7 4. d4 exd4 5. Nxd4 Ne5 6. Bb3 Nf6 7. O-O d6 8.
Nc3 Bd7 9. Bf4 O-O 10. Re1 Ng6 11. Bg3 h5 12. f3 h4 13. Bf2 h3 14. g3 c6 15. a3
Ne5 16. Kf1 d5 17. exd5 cxd5 18. Rxe5 1-0

[Event "Challenge"]
[Site "http://www.queenalice.com/game.php?id=668123"]
[Date "2009.10.16"]
[Round "-"]
[White "TheBooth"]
[Black "fernando1971"]
[Result "0-1"]
[WhiteElo "1987"]
[BlackElo "2416"]

1. d4 d5 2. Nf3 Nf6 3. h3 e6 4. Bg5 c5 5. e3 Qb6 6. b3 Ne4 7. Bd3 cxd4 8. exd4
Bb4+ 9. Bd2 Nxd2 10. Nbxd2 Bc3 11. Rb1 Nc6 12. O-O O-O 13. a3 h6 14. b4 Nxd4 15.
Nxd4 Qxd4 16. Nb3 Qf6 17. Nc5 b6 18. Na4 Be5 19. c4 dxc4 20. Bxc4 Qf4 21. g3
Qxc4 22. Rc1 Qa2 23. Re1 Bf6 24. Qf3 Bd7 25. Re2 Qd5 0-1

[Event "Challenge"]
[Site "http://www.queenalice.com/game.php?id=683704"]
[Date "2009.11.15"]
[Round "-"]
[White "ymfrancois"]
[Black "TheBooth"]
[Result "0-1"]
[WhiteElo "1863"]
[BlackElo "1935"]

1. c4 d5 2. b3 Nf6 3. Bb2 Nbd7 4. d4 e6 5. e3 Ne4 6. c5 b6 7. c6 Ndf6 8. h3 Bb4+
9. Ke2 Ng5 10. Bc3 Qd6 11. Bxb4 Qxb4 12. Qc1 Ba6+ 13. Kd1 Bxf1 14. Rh2 Nfe4 15.
g3 Qb5 16. Qc2 Bd3 17. Qb2 h6 18. Nd2 Nxd2 19. Qxd2 Ne4 20. Qb2 Qxc6 21. Rc1 Qd6
22. Ne2 Bxe2+ 23. Kxe2 O-O 24. b4 Rfc8 25. a3 c5 26. dxc5 bxc5 27. bxc5 Nxc5 28.
Qb4 Qa6+ 29. Kf3 Nd3 30. Rxc8+ Rxc8 31. Qe7 Kh7 32. h4 Rc3 33. Rh1 Ne5+ 34. Kg2
Qxa3 35. Qd8 Qb2 36. e4 dxe4 37. Qd4 Rxg3+ 0-1

[Event "AUTO-OPEN-1508"]
[Site "http://www.queenalice.com/game.php?id=739058"]
[Date "2010.2.28"]
[Round "3"]
[White "RIVAS"]
[Black "TheBooth"]
[Result "1-0"]
[WhiteElo "1927"]
[BlackElo "1909"]

1. d4 c5 2. Nf3 e6 3. c4 Nc6 4. d5 exd5 5. cxd5 Nce7 6. e4 d6 7. Bb5+ Bd7 8. Qa4
a6 9. Bxd7+ Qxd7 10. Qxd7+ Kxd7 11. O-O Nf6 12. Nc3 g6 13. Bg5 1-0

[Event "AUTO-OPEN-1508"]
[Site "http://www.queenalice.com/game.php?id=739059"]
[Date "2010.2.28"]
[Round "3"]
[White "TheBooth"]
[Black "RIVAS"]
[Result "0-1"]
[WhiteElo "1894"]
[BlackElo "1942"]

1. e4 e5 2. Nf3 Nc6 3. Bc4 Bc5 4. d3 Nf6 5. Bg5 h6 6. Bh4 d6 7. h3 a6 8. Nc3 g5
9. Bg3 Ne7 10. a3 b5 11. Bb3 Bb7 12. O-O O-O 13. Qd2 Kh7 14. d4 exd4 0-1

[Event "AUTO-OPEN-1508"]
[Site "http://www.queenalice.com/game.php?id=739062"]
[Date "2010.2.28"]
[Round "3"]
[White "TheBooth"]
[Black "Bigorna"]
[Result "0-1"]
[WhiteElo "1928"]
[BlackElo "1861"]

1. e4 e5 2. Nf3 Bd6 3. Bc4 h6 4. Nc3 Nf6 5. d4 Nc6 6. d5 Na5 7. Bd3 O-O 8. a3 b6
9. h3 c6 10. b4 Nb7 11. dxc6 dxc6 12. Bb2 Be6 13. O-O a5 0-1

[Event "AUTO-OPEN-1508"]
[Site "http://www.queenalice.com/game.php?id=739063"]
[Date "2010.2.28"]
[Round "3"]
[White "Bigorna"]
[Black "TheBooth"]
[Result "1-0"]
[WhiteElo "1841"]
[BlackElo "1948"]

1. Nf3 d5 2. d4 Bf5 3. e3 Nf6 4. Bb5+ c6 5. Bd3 Bg4 6. h3 Bh5 7. O-O e6 8. c3
Bd6 9. b4 O-O 10. a4 e5 11. dxe5 Bxe5 12. g4 Bg6 13. Nxe5 Bxd3 14. Qxd3 1-0